MARC

LEADER 00000nam0a2200000 4500
001 303065
005 20231102001551.0
035 |a (RuTPU)RU\TPU\book\328284 
090 |a 303065 
100 |a 20150831d1983 km y0rusy50 ca 
101 0 |a rus 
102 |a RU 
105 |a a z 001zy 
200 1 |a Кислый вулканизм и водосодержащие стекла Северо-Востока СССР  |f В. В. Наседкин  |g Академия наук СССР (АН СССР), Институт геологии рудных месторождений, петрографии, минералогии и геохимии (ИГЕМ) 
210 |a Москва  |c Наука  |d 1983 
215 |a 103 с.  |c ил. 
320 |a Библиогр.: с. 99-100 
606 1 |a Вулканическое стекло  |x (геология)  |2 stltpush  |3 (RuTPU)RU\TPU\subj\3823  |9 32170 
610 1 |a кислый вулканизм 
610 1 |a водородосодержащие системы 
610 1 |a образование 
610 1 |a Охотско-Чукотский вулканический пояс 
610 1 |a тектонические структуры 
610 1 |a вулканические структуры 
610 1 |a депрессионные зоны 
610 1 |a грабены 
610 1 |a кальдеры 
610 1 |a генетические типы 
675 |a 553.53  |v 4 
700 1 |a Наседкин  |b В. В.  |g Василий Викторович 
712 0 2 |a Академия наук СССР (АН СССР)  |b Институт геологии рудных месторождений, петрографии, минералогии и геохимии (ИГЕМ)  |c (Москва)  |2 stltpush  |3 (RuTPU)RU\TPU\col\11398 
801 1 |a RU  |b 63413507  |c 20150831 
801 2 |a RU  |b 63413507  |c 20190404  |g RCR 
942 |c BK